00726 2200217 4500001002100000005001700021008004100038035002400079090001900103100003100122245012500153260002900278300002600307500006600333500002800399650003200427850001500459980001300474985000600487999001500493YOGYA-0209000003966420090227025510.0 ind  0010-020900000039664 a307bLas PlSK aLASUT, Feliks Vince Novita aPeranan kepala dusun dalam menunjang pembangunan masyarakat desa di Kab. Dati II Bantulcoleh, Feliks Vince Novita Lasut aYogyakartab[s.n.]c1994 avi, 223 lembarc30 cm aSkripsi : Fakultas Hukum Universitas Widya Mataram Yogyakarta aBibliografi : lembar 99 aPembangunan masyarakat desa aYOPDYOG(B) a01-02-08 a1 a07A0028712